| 000 | 00730 a2200277 4500 | ||
|---|---|---|---|
| 001 | 200001241 | ||
| 999 |
_c200001241 _d15681 |
||
| 003 | TR-AnTOB | ||
| 005 | 20241121111735.0 | ||
| 008 | 110620b 9999tu wn0p 0 0 | ||
| 022 | _a1300-5847 | ||
| 041 | _atur | ||
| 050 | 1 | 4 | _aHC491 |
| 099 | _aJOURNAL - EKON | ||
| 222 | _aEkonomist | ||
| 245 | 0 | _aEkonomist | |
| 260 |
_aİstanbul : _bDoğan Burda, |
||
| 300 |
_av.: _bcol. ill., col. ports. ; _c28 cm. |
||
| 310 | _aHaftalık | ||
| 500 | _aKütüphanedeki mevcutları : 2005- | ||
| 650 | 0 |
_aEkonomi _vSüreli yayınlar _920281 |
|
| 650 |
_aFinance _zTurkey _vPeriodicals _92 |
||
| 650 | 0 |
_aFinans _zTürkiye _vSüreli Yayınlar _93 |
|
| 650 |
_aEconomics _vPeriodicals _969400 |
||
| 942 | _cCR | ||